[Event "18th Aeroflot Open-A 2020"]
[Site "Moscow"]
[Date "2020.02.21"]
[Round "3.30"]
[White "Lazavik, Denis"]
[Black "Sanal, Vahap"]
[Result "0-1"]
[WhiteElo "2428"]
[BlackElo "2569"]
[Annotator "TA"]
[PlyCount "150"]
[EventDate "2020.02.19"]
[EventType "swiss"]
[EventCountry "RUS"]
[SourceTitle "playchess.com"]
[Source "ChessBase"]
[SourceQuality "1"]

{[%evp 10,150,17,0,10,0,0,0,16,0,0,0,16,0,0,0,19,0,0,0,14,4,11,2,16,10,22,14,4,8,16,23,13,4,12,0,0,-31,-32,-37,-28,-15,0,0,46,45,93,95,103,100,87,100,128,129,138,133,142,127,116,0,148,154,162,135,150,122,112,41,52,6,41,38,112,50,33,0,62,4,54,17,17,17,20,0,15,-2,-3,-6,-7,-17,0,-15,-21,-21,0,0,0,0,0,0,0,-10,-18,-58,-6,-4,0,-59,0,0,0,-18,-14,-64,-39,-120,-112,-429,-422,-424,-423,-479,-474,-1131,-432,-1706,-607,-12846,-659,-566,-487,-495,-450,-579,-531,-12813,-12814,-6714,-6714,-2359,-2166,-29992,-12844]} 1. d4 Nf6 2. c4 c6 3. Nf3 d5 4. Qc2 dxc4 5. Qxc4 Bg4 6. Nbd2 Nbd7 {D23: Queen's Gambit Accepted: 3 Nf3 Nf6 sidelines.} 7. g3 e6 8. Bg2 Be7 {The position is equal.} 9. O-O O-O 10. b3 Rc8 11. Bb2 b5 12. Qc2 {[#]} Bh5 $1 $146 {[%mdl 8] An important novelty.} ({Predecessor:} 12... c5 13. Rfc1 Nd5 14. Qd1 Qb6 15. dxc5 Nxc5 16. Bd4 Rfd8 17. Qc2 Qb8 18. Qb2 f6 {1-0 (40) Predke,A (2650)-Inarkiev,E (2682) Izhevsk 2019}) 13. Rfc1 Bg6 14. Qd1 Qb6 15. e3 Rfd8 16. Qe2 a6 17. a3 a5 18. h3 h6 19. Bf1 Ne4 20. Nxe4 Bxe4 21. Nd2 Bg6 22. a4 {[%cal Ra4b5]} Bb4 23. Nf3 {[%cal Ra4b5]} Be4 24. Ne1 {[%cal Ra4b5]} bxa4 25. bxa4 Bxe1 26. Rxe1 Qb7 27. Bc3 c5 28. Bxa5 Re8 29. Bc3 cxd4 30. exd4 ({Stronger than} 30. Bxd4 e5 $17) 30... Nf6 31. Rec1 Bf3 32. Qb5 Qa8 33. Qa6 Qd5 34. Qb5 Qa8 $1 35. Bd2 Rb8 36. Qa6 Qd5 37. Qc4 Qf5 38. Qc2 (38. Ra3 $16) 38... Be4 $1 $14 {[%cal Re4c2]} 39. Qd1 Rb2 (39... Bf3 $5 {[%cal Rf3d1]} 40. Qe1 Rb2 $14) 40. g4 Qd5 (40... Qg6 $1 $14) 41. Bc3 (41. Bf4 $16) 41... Rb3 42. Be1 Reb8 (42... Bf3 $11 43. Qc2 Be4) 43. Rc5 (43. a5 $14) 43... Qd7 44. Rb5 R8xb5 45. axb5 Qd5 46. Ra8+ Kh7 47. Rd8 Rxh3 48. Bxh3 Qxd8 49. f3 Bb7 50. Qd3+ Kg8 51. Bf1 Qd6 52. Qe3 Qd5 53. Kf2 Qa2+ 54. Be2 Nd5 55. Qd2 Qa3 56. Kg1 Qd6 ({Black should play} 56... g5 $1 $15) 57. Bf1 $11 Qa3 ({Black should try} 57... Qc7 $11) 58. Be2 $15 Qa8 (58... g5 $1 $15) 59. Bg3 $11 Qa1+ 60. Be1 g5 61. Kh2 Nf4 62. Bf2 (62. Bd1 $15) 62... Qa8 $17 63. Bg3 $2 {[%mdl 8192] [#]} (63. Kg3 $17 {is more resistant.}) 63... Nxe2 $19 64. Qxe2 Bxf3 65. Qf2 Qe4 66. d5 (66. Kg1 $142) 66... Qxd5 (66... Qxg4 $142 67. dxe6 Qh5+ {[%mdl 64] Zwischenzug} 68. Bh4 fxe6) 67. b6 (67. Qe3 $142) 67... Qd1 (67... Qd3 $142 68. Kh3 Qe4) 68. Kh3 Bxg4+ (68... h5 $142 69. Qe1 hxg4+ 70. Kh2 Qc2+ 71. Qf2 Qh7+ 72. Bh4 Qxh4+ 73. Qxh4 gxh4 74. b7 Bxb7 75. Kg1 g3 76. Kf1 h3 77. Ke2 g2 78. Kf2 h2 79. Ke1 h1=Q+ 80. Kd2 g1=Q 81. Kc2 Qc5+ 82. Kb2 Qg2+ 83. Kb3 Qgc2#) 69. Kg2 Qd5+ 70. Kh2 Bf3 71. Qc2 h5 {[#] Strongly threatening ...h4.} 72. Qc8+ Kh7 {( -> ...Qd2+)} 73. Qc2+ Qe4 74. Qd2 h4 75. Bd6 g4 {Black used his chance. Accuracy: White = 61%, Black = 78%.} (75... Qb1 $142 76. Qg2 Bxg2 77. Kxg2 Qf5 78. b7 h3+ 79. Kg3 Qf1 80. Kg4 Kg6 81. b8=Q Qg2+ 82. Bg3 f5#) 0-1

[Event "18th Aeroflot Open-A 2020"]
[Site "Moscow"]
[Date "2020.02.21"]
[Round "3.31"]
[White "Basso, Pier Luigi"]
[Black "Aditya Mittal"]
[Result "1-0"]
[WhiteElo "2600"]
[BlackElo "2427"]
[Annotator "TA"]
[PlyCount "79"]
[EventDate "2020.02.19"]
[EventType "swiss"]
[EventCountry "RUS"]
[SourceTitle "playchess.com"]
[Source "ChessBase"]
[SourceQuality "1"]

{[%evp 16,79,41,25,30,18,22,17,24,23,27,8,12,13,47,46,58,62,60,57,112,100,113,100,128,118,113,74,70,55,86,2,85,79,64,16,143,132,208,95,89,66,267,261,470,427,451,445,620,653,626,608,839,191,856,836,1565,1425,1215,592,554,543,702,706,889,887]} 1. d4 Nf6 2. c4 e6 3. Nf3 d5 4. Nc3 dxc4 5. e4 Bb4 6. Bg5 c5 7. Bxc4 cxd4 8. Nxd4 Qa5 9. Bd2 Qc5 {D39: Queen's Gambit Declined: Ragozin Defence with 5 Bg5 dxc4.} 10. Bb5+ Bd7 11. Nb3 Qe7 {The position is equal.} 12. Bd3 Nc6 13. a3 Bd6 14. Be3 $5 {[%mdl 4] A promising side line.} a6 15. O-O {[#]} h5 $146 {Black wants to play ...Ng4.} ({Predecessor:} 15... O-O 16. f4 e5 17. f5 Nd4 18. Nxd4 exd4 19. Bxd4 Bc5 20. Bxc5 Qxc5+ 21. Kh1 Bc6 22. Qf3 Rfe8 23. Qg3 Rad8 {½-½ (23) Gelfand,B (2695)-Tkachiev,V (2615) Groningen 1997}) 16. h3 Ng4 17. Bb6 $1 {Threatens to win with f4.} (17. hxg4 $2 Bh2+ $1 {[%mdl 512]} 18. Kh1 Qh4 $19) 17... Bh2+ 18. Kh1 Bb8 19. Be2 g5 20. Nc5 Bc8 21. g3 Nge5 22. Bxh5 Qf6 23. N5a4 (23. f4 gxf4 24. N5a4 (24. Rxf4 $2 Qg5 $19 {[%mdl 64] Double Attack}) 24... Rh7 $17) ({White should play} 23. N3a4 $16) 23... Qh6 (23... Nd7 $1 $11 {remains equal.}) 24. g4 $16 Qf6 25. Kg2 $36 {[%mdl 2048] White has the initiative.} Nc4 {[#]} (25... Bd7 $11 {keeps the balance.}) 26. Qe2 $1 {[%cal Re2c4]} N6e5 {[#]} ({Not} 26... Nxb6 $2 27. Nxb6 Qf4 28. Rh1 $18) (26... N4e5 $16) 27. Rad1 (27. b3 $1 $18 {[%cal Rb3c4] and the rest is easy.} Nd6 28. Be3) 27... Bd7 28. b3 Nxa3 $2 {Loses the game.} (28... Nxb6 $14 29. Nxb6 Ra7) 29. Nc5 $18 Nb5 $2 (29... Qf4 30. Nxe6 (30. Nxb7 Rxh5 31. gxh5 Nec4 $15) 30... Ng6 31. Nxf4 Nxf4+ 32. Kg1 Nxe2+ 33. Nxe2 Ba7) 30. Nxd7 Nxd7 31. Rxd7 Kxd7 32. Rd1+ Ke8 33. Nxb5 Qe5 34. Rd8+ Ke7 {( -> ...Qh2+)} 35. Qd3 {Qd7+ would kill now.White is clearly winning.} Bd6 36. Rxd6 {Strongly threatening Rd7+.} Qxb5 37. Qxb5 (37. Qd2 $142 {b4 is the strong threat.} a5 38. Be3) 37... axb5 38. Bc5 Rhc8 39. Bb4 Ke8 40. Rxe6+ {Accuracy: White = 76%, Black = 45%.} 1-0

[Event "18th Aeroflot Open-A 2020"]
[Site "Moscow"]
[Date "2020.02.21"]
[Round "3.32"]
[White "Erigaisi Arjun"]
[Black "Makarian, Rudik"]
[Result "1/2-1/2"]
[WhiteElo "2563"]
[BlackElo "2414"]
[Annotator "TA"]
[PlyCount "104"]
[EventDate "2020.02.19"]
[EventType "swiss"]
[EventCountry "RUS"]
[SourceTitle "playchess.com"]
[Source "ChessBase"]
[SourceQuality "1"]

{[%evp 12,104,25,29,29,27,26,20,44,37,40,36,43,17,18,11,12,0,0,0,0,0,0,0,0,0,0,0,0,13,102,95,109,121,93,114,131,87,86,95,95,87,73,89,110,125,118,18,18,19,22,0,0,0,31,0,0,0,0,0,0,0,0,0,0,0,0,0,150,153,143,185,70,8,18,80,80,0,20,25,80,0,8,0,0,0,0,0,0,0,0,0,0,0,0]} 1. c4 g6 2. Nc3 c5 3. g3 Bg7 4. Bg2 Nf6 5. Nf3 Nc6 6. d4 cxd4 7. Nxd4 h5 {A38: Symmetrical English vs ...g6: 4 Bg2 Bg7 5 Nf3 Nf6.} 8. h3 Nxd4 9. Qxd4 d6 10. b3 O-O {White must now prevent ...Ne4!} 11. Bb2 Be6 12. Bxb7 Rb8 $1 {[%cal Rb8b7]} 13. Bg2 ({Avoid the trap} 13. Qxa7 $2 Qd7 $19) 13... Qa5 $1 14. O-O Nd5 15. Nxd5 {[%csl Gb2][%cal Rd4g7]} Bxd4 16. Nxe7+ Kh7 17. Bxd4 Qc7 18. Nd5 Bxd5 $1 19. Bxd5 h4 20. Bf6 hxg3 (20... Rbe8 $1 $11) 21. fxg3 $16 Qb6+ 22. Kg2 {[%mdl 1024] White has strong compensation.} Qe3 23. Rf2 $1 g5 24. g4 Kg6 25. Raf1 $1 Rbe8 26. Rf5 Qxe2+ 27. R1f2 Qe3 28. Bxg5 Qd3 29. Bf4 (29. R5f3 $16 Qxf3+ 30. Kxf3 (30. Rxf3 Kxg5 31. Rf5+ Kg6 $14) 30... Kxg5 31. h4+ Kf6 32. Kf4) 29... Re2 $11 30. Bxd6 Rxf2+ $1 31. Rxf2 Rd8 $1 {[%cal Rd8d6]} 32. Bxf7+ Kh7 33. Bg3 Qe4+ 34. Rf3 $1 Rf8 {( -> ...Rxf7)} 35. Bd5 Qc2+ 36. Rf2 Rxf2+ 37. Bxf2 Qxa2 38. b4 {[%cal Bb3b4,Bb4b5,Bb5b6,Bb6b7][%mdl 32]} a6 39. b5 a5 (39... axb5 $11 40. Be4+ Kg7 41. cxb5 Qe2) 40. b6 $16 a4 41. b7 $1 {[%cal Rb7b8]} Qb2 42. c5 (42. Kg3 $14 Qe5+ 43. Kf3) 42... a3 $11 43. c6 Qe5 {[#]} 44. Ba2 (44. Kf1 $1 $16) 44... Qe4+ 45. Kg1 Qf4 {[#]} (45... Qe5 $11) 46. Kg2 ({Better is} 46. Bd5 $1 $16) 46... Qd6 {The position is equal.} 47. Kg1 {Hoping for Bd5.} Qd1+ 48. Kg2 Qd6 49. Kf1 {aiming for Ke2.} Qd1+ 50. Be1 Qf3+ 51. Kg1 Qe3+ 52. Kg2 Qxe1 {Accuracy: White = 77%, Black = 94%.} 1/2-1/2

[Event "18th Aeroflot Open-A 2020"]
[Site "Moscow"]
[Date "2020.02.21"]
[Round "3.33"]
[White "Chigaev, Maksim"]
[Black "Badelka, Olga"]
[Result "1/2-1/2"]
[WhiteElo "2616"]
[BlackElo "2404"]
[Annotator "TA"]
[PlyCount "99"]
[EventDate "2020.02.19"]
[EventType "swiss"]
[EventCountry "RUS"]
[SourceTitle "playchess.com"]
[Source "ChessBase"]
[SourceQuality "1"]

{[%evp 10,99,51,51,48,50,45,37,40,31,20,27,33,26,35,14,79,0,13,0,31,24,48,36,70,64,66,56,58,56,54,56,65,62,79,63,107,0,8,0,0,0,0,0,0,0,0,0,0,0,0,0,32,35,70,0,14,0,25,33,148,39,40,33,52,39,50,32,39,0,0,0,0,0,0,0,0,0,0,0,0,0,51,0,0,0,0,0,0,0,0,0]} 1. e4 c5 2. Nf3 Nf6 3. Nc3 d5 4. exd5 Nxd5 5. Bb5+ Bd7 6. Ne5 Nf6 {B29: Sicilian: 2 Nf3 Nf6 (Nimzowitsch Variation).} 7. Qf3 Qc8 {7...Qc7 is not played anymore.} 8. Nxd7 {8.a4 injects fresh life into this line. Played by Yangyi Yu in October 2019.} Nbxd7 {White is slightly better.} 9. b3 {[#]} e6 $146 ({Predecessor:} 9... a6 10. Bxd7+ Qxd7 11. Bb2 Qe6+ 12. Ne2 Qe4 13. Qxe4 Nxe4 14. Ng3 Nf6 15. O-O-O e6 {½-½ (45) Yu,Y (2763)-Kovalev,V (2661) Douglas 2019}) 10. Bb2 a6 11. Bxd7+ Qxd7 12. O-O-O Be7 (12... Rc8 $11 {remains equal.}) 13. Qg3 (13. Ne4 $16) 13... O-O {[#]} 14. Ne4 $1 {[%mdl 512]} Kh8 (14... Nxe4 15. Qxg7#) 15. h4 Qd5 16. d3 Rac8 17. Kb1 Qh5 18. f3 b5 19. Qf2 Qd5 20. h5 h6 21. Qe3 {aiming for Nxf6.} Ng8 22. c4 Qc6 23. Rc1 (23. g4 $16) 23... f5 $11 24. cxb5 Qb6 $1 25. Nf2 axb5 26. Nh3 Rfe8 27. g4 $40 {[%mdl 128] Black needs to defend precisely.} Bf6 28. g5 Bxb2 29. Kxb2 e5 30. Rhg1 Qd6 31. gxh6 gxh6 32. Kb1 (32. Rg6 $14 Qd7 33. Ng1) 32... Re6 33. f4 {Hoping for Qg3.} exf4 34. Qd2 Re4 {[#]} (34... f3 $1 $14) 35. Rcf1 (35. Qb2+ $1 $16 Rd4 36. Qg2) 35... c4 $1 $14 {[%cal Rc4c3] ...c3 is the strong threat.} 36. Qc3+ Qd4 37. Qxd4+ Rxd4 38. dxc4 bxc4 39. Nxf4 {Strongly threatening Ng6+.} Ne7 $1 40. Ng6+ Nxg6 41. Rxg6 cxb3 42. axb3 $11 {[%mdl 4096] Endgame KRR-KRR} Rb8 43. Rxh6+ Kg7 44. Rg6+ Kh7 45. Rf3 Rd2 (45... Rh4 $11) 46. Rc6 ({Better is} 46. Rf6 $14) 46... Rh2 {The position is equal.} 47. h6 Rb7 48. Rcc3 Rh5 49. Rc5 Kxh6 50. Rfxf5 {Accuracy: White = 83%, Black = 74%.} 1/2-1/2

[Event "18th Aeroflot Open-A 2020"]
[Site "Moscow"]
[Date "2020.02.21"]
[Round "3.34"]
[White "Jumabayev, Rinat"]
[Black "Kozionov, Kirill"]
[Result "1-0"]
[WhiteElo "2646"]
[BlackElo "2466"]
[Annotator "TA"]
[PlyCount "104"]
[EventDate "2020.02.19"]
[EventType "swiss"]
[EventCountry "RUS"]
[SourceTitle "playchess.com"]
[Source "ChessBase"]
[SourceQuality "1"]

{[%evp 9,104,17,11,13,10,25,17,19,27,24,29,22,30,30,27,33,39,26,22,21,47,23,32,32,47,2,7,0,41,34,103,110,169,113,258,250,281,264,309,260,378,343,368,302,258,245,249,225,278,244,270,264,275,271,264,278,270,257,247,196,227,224,217,223,216,195,212,226,218,221,187,0,0,0,1,0,119,87,104,0,368,368,368,368,368,6,997,806,29941,0,29950,12178,6327,6283,6287,710,29975]} 1. e4 c5 2. Nf3 d6 3. Bb5+ Nd7 4. Ba4 Ngf6 5. O-O a6 {Hoping for ...b5.} 6. c4 {B51: Sicilian: Moscow Variation (3 Bb5+) without 3...Bd7.} g6 7. Nc3 Bg7 8. h3 $5 {[%mdl 4] The position is equal. Exploring less charted territory.} O-O 9. d3 b6 10. Rb1 Bb7 11. b4 Rb8 12. Bg5 h6 13. Be3 e6 14. Qd2 Kh7 {[#]} 15. Rb3 $146 ({Predecessor:} 15. Rfe1 Ba8 16. a3 Qc7 17. Rec1 Nh5 18. g4 Nhf6 19. Bf4 Ng8 20. Kh2 g5 21. Bg3 {½-½ (48) Bartel,M (2602)-Navara,D (2727) Poland 2018}) 15... Qc7 16. Rfb1 Ba8 17. Qc1 Rfc8 18. Qa3 b5 (18... cxb4 {is more complex.} 19. Rxb4 d5 20. Bxd7 Nxd7 21. exd5 Bf8) 19. cxb5 c4 (19... cxb4 $14 20. Qxb4 Nc5) 20. dxc4 $16 Nxe4 (20... Nb6 $16) 21. Nxe4 ({White should try} 21. bxa6 $18 {And now a7 would win.} Nxc3 22. Rxc3) 21... Bxe4 (21... axb5 $16 {was called for.} 22. Nfg5+ (22. Bxb5 Bxe4 23. Qa7 Rb7 $15) 22... hxg5 23. Nxg5+ {[%mdl 64] Double Attack} Kg8 24. Bxb5 Ne5) 22. bxa6 $18 Bxb1 23. Rxb1 Nb6 24. Bb5 d5 (24... Ra8 {keeps fighting.} 25. Rc1 Rcb8) 25. c5 (25. a7 Ra8 $16) 25... Na8 26. Bf1 e5 27. Rd1 d4 28. Bc1 $1 f5 29. Bb2 d3 30. Qxd3 ({Less strong is} 30. Bxd3 e4 $16) 30... Rd8 31. Qc2 Rxd1 32. Qxd1 Rxb4 33. Bc3 Rb8 34. Qd5 {[%cal Rc3e5]} Rd8 35. Qb7 e4 36. Be5 Bxe5 37. Nxe5 Rb8 38. Qd5 $1 {aiming for Nd7.} Rd8 39. Qe6 $1 {[%cal Re6g6]} Qg7 {[#] White must now prevent ...Nc7.} 40. Nf7 $2 ({White should play} 40. Nxg6 $1 $18 Nc7 41. Qb6 (41. Qxf5 Qxg6 42. Qe5 Rc8 $16)) 40... Rd1 $11 41. Qe7 Kg8 ({Don't go for} 41... Rxf1+ $2 42. Kxf1 Kg8 43. Qb7 $18) 42. Qb7 Qxf7 (42... Qa1 $11) 43. Qxa8+ {[%mdl 4096] Endgame KQR-KQB} Kh7 {[#]} 44. Qb8 ({Only move:} 44. Qb7 $1 $16 {[%cal Rb7f7]} Rd7 45. Qb6) 44... Qxa2 $2 {[%mdl 8192]} (44... Qc4 $1 $11 {and Black has nothing to worry.} 45. Qc7+ Kh8 46. Qd8+ Rxd8 47. Bxc4 Ra8) 45. a7 $18 Ra1 46. Qc7+ Kh8 47. Qd8+ $2 (47. Qe5+ $18 Kh7 48. Qe7+ Kh8 49. Qd8+ Kg7 50. c6) 47... Kh7 $2 {[%mdl 8192]} (47... Kg7 $11) 48. c6 Qa6 49. Qd7+ $2 (49. Qc7+ {mates} Kg8 50. Qb8+ Kh7 51. Qb7+ Qxb7 52. cxb7 Rxa7 53. b8=Q Ra1 54. Qb7+ Kg8 55. Qb2) 49... Kh8 $2 {[%mdl 8192] [#]} (49... Kg8 $11 50. a8=Q+ Qxa8) 50. a8=Q+ $1 {[%mdl 512]} Qxa8 {White is clearly winning.} 51. c7 Rxf1+ 52. Kh2 (52. Kxf1 $142 Qa1+ 53. Ke2 Qb2+ 54. Qd2 Qb5+ 55. Kd1 Qa4+ 56. Qc2 Qd7+ 57. Ke1) 52... Rxf2 {Accuracy: White = 76%, Black = 61%.} 1-0

[Event "18th Aeroflot Open-A 2020"]
[Site "Moscow"]
[Date "2020.02.21"]
[Round "3.35"]
[White "Pogosyan, Stefan"]
[Black "Indjic, Aleksandar"]
[Result "1/2-1/2"]
[WhiteElo "2455"]
[BlackElo "2622"]
[Annotator "TA"]
[PlyCount "72"]
[EventDate "2020.02.19"]
[EventType "swiss"]
[EventCountry "RUS"]
[SourceTitle "playchess.com"]
[Source "ChessBase"]
[SourceQuality "1"]

{[%evp 18,72,47,42,59,16,14,18,18,16,26,26,22,25,16,-9,-15,-24,-24,-76,-74,-47,-76,-66,-54,-43,-14,-10,0,-4,0,0,0,-68,-64,-66,-60,-51,-65,-62,-56,-47,-35,-35,0,-56,-31,-23,-28,-27,-21,-38,0,-18,0,-43,0]} 1. d4 Nf6 2. c4 e6 3. Nc3 Bb4 4. Qc2 O-O 5. a3 Bxc3+ 6. Qxc3 b6 7. Bg5 Bb7 8. f3 c5 9. dxc5 bxc5 10. e3 d6 {E32: Nimzo-Indian: Classical (4 Qc2): 4...0-0.} 11. Be2 Nbd7 12. Nh3 Qb6 {The position is equal.} 13. O-O a5 14. Rfd1 d5 15. Rac1 {[#]} Rfc8 $146 ({Predecessor:} 15... Ba6 16. Rd2 Rab8 17. Bh4 Rfc8 18. Bf2 a4 19. Nf4 g5 20. Nh3 h6 21. Bg3 Rb7 {½-½ (71) Ponomariov,R (2743)-Polgar,J (2677) Moscow 2002}) 16. Rd2 h6 17. Bxf6 Nxf6 18. Nf4 {[#]} (18. Nf2 $11) 18... d4 $1 $17 {[%cal Rd4c3][%mdl 512]} 19. exd4 cxd4 20. Qc2 a4 21. c5 Qc7 22. Nd3 $1 Nd7 23. Qd1 Ra5 24. Rdc2 Bd5 {Strongly threatening ...Bb3.} 25. Nb4 (25. Qd2 $11) 25... Bb3 $1 $36 {[%cal Rb3c2][%mdl 2048] Black is pushing.} 26. c6 Nf6 {...Qb6 is the strong threat.} 27. Qxd4 {aiming for Rd2.} Bxc2 28. Rxc2 Rd8 29. Qf2 Raa8 30. Qc5 Ra5 31. Qf2 $1 Rda8 32. g3 Nd5 33. Bc4 Ne7 34. Bf1 Nd5 35. Bc4 Ne7 36. Bf1 Nd5 {Accuracy: White = 81%, Black = 88%.} 1/2-1/2

[Event "18th Aeroflot Open-A 2020"]
[Site "Moscow"]
[Date "2020.02.21"]
[Round "3.36"]
[White "Savchenko, Boris"]
[Black "Radovanovic, Mihajlo"]
[Result "1-0"]
[WhiteElo "2573"]
[BlackElo "2458"]
[Annotator "TA"]
[PlyCount "47"]
[EventDate "2020.02.19"]
[EventType "swiss"]
[EventCountry "RUS"]
[SourceTitle "playchess.com"]
[Source "ChessBase"]
[SourceQuality "1"]

{[%evp 19,47,33,34,13,70,71,75,67,143,139,202,200,191,184,309,277,283,278,366,366,365,352,813,808,29977,29978,29972,6004,3244,3177]} 1. e4 c5 2. Nf3 d6 3. d4 cxd4 4. Nxd4 Nf6 5. Nc3 g6 6. Be3 Bg7 7. f3 Nc6 8. Qd2 O-O 9. Bc4 Bd7 10. O-O-O Rb8 11. Be2 {[#] B78: Sicilian Dragon: Yugoslav Attack, 9 Bc4 Bd7 10 0-0-0 Rc8.} a6 $146 (11... Nxd4 $11 12. Bxd4 Qa5) ({Predecessor:} 11... b5 12. Ncxb5 Qc8 13. Kb1 Qb7 14. Nb3 Rfc8 15. g4 a6 16. N5d4 a5 17. Nxc6 Qxc6 18. Nd4 Qb7 {0-1 (52) Cvak,R (2271)-Efendiyev,E (2533) ICCF email 2012}) 12. g4 $14 b5 13. h4 {White is better.} Qa5 (13... Nxd4 $14 14. Bxd4 Qa5) 14. Nb3 $1 $16 {[%cal Rb3a5]} Qc7 (14... Qd8 $16) 15. Bh6 $18 Bxh6 16. Qxh6 Be6 {[#]} (16... Ne5 $142) 17. h5 $1 Bxb3 18. axb3 {Threatens to win with Nd5.} e6 19. g5 Ne8 ({Much worse is} 19... Nxh5 {[#]} 20. f4 $1 $18 {[%mdl 512]}) 20. f4 b4 $2 (20... Rb7 21. Kb1 Ra7) 21. Bc4 {White threatens hxg6 and mate.} Nd8 {[#]} 22. Nd5 $1 {[%mdl 512]} exd5 23. Bxd5 {Threatening mate with hxg6.} Rc8 24. Rd2 {Black got outplayed after the opening. Accuracy: White = 100%, Black = 28%.} 1-0

[Event "18th Aeroflot Open-A 2020"]
[Site "Moscow"]
[Date "2020.02.21"]
[Round "3.37"]
[White "Antipov, Mikhail Al."]
[Black "Krishna C R G"]
[Result "1-0"]
[WhiteElo "2562"]
[BlackElo "2443"]
[Annotator "TA"]
[PlyCount "51"]
[EventDate "2020.02.19"]
[EventType "swiss"]
[EventCountry "RUS"]
[SourceTitle "playchess.com"]
[Source "ChessBase"]
[SourceQuality "1"]

{[%evp 15,51,0,0,0,0,0,0,0,0,0,0,12,104,116,102,88,104,69,160,180,170,149,167,160,458,462,434,427,422,419,419,417,408,367,378,369,467,454]} 1. e4 e6 2. d4 d5 3. Nc3 Bb4 4. e5 c5 5. a3 Bxc3+ 6. bxc3 Ne7 7. h4 Qa5 8. Bd2 Qa4 9. Rb1 {C18: French: 3 Nc3 Bb4: Main line: 7 h4 and 7 Qg4.} Qxa3 10. h5 h6 11. Ra1 {The position is equal.} Qb2 12. dxc5 {aiming for Rh4.} Nd7 13. Rh4 {Strongly threatening Rb4.} Nc6 (13... a5 $11 {keeps the balance.}) 14. Rha4 $1 $36 {[%mdl 2048] White is on the roll.} Nxc5 15. R4a2 Qb6 {And now ...Ne4 would win.} 16. Be3 {[%mdl 1024] Hoping for Rb1. White has strong compensation.} a6 {[#]} (16... a5 $14) 17. Rb1 $1 {[%cal Rb1b6]} Qa7 {[#]} 18. Bb5 $1 {[%cal Rb5c6][%mdl 512]} Bd7 (18... axb5 19. Rxa7) 19. Qg4 b6 $2 ({Avoid the trap} 19... Nxe5 $2 20. Qxg7 O-O-O 21. Bxa6 $18) (19... Qb6 $16) 20. Qxg7 $18 Rf8 21. Bxc5 bxc5 22. Rxa6 {[%mdl 64] Double Attack} Qb7 23. Rxa8+ Qxa8 24. Bxc6 Bxc6 25. Ne2 Kd7 26. Nf4 {Accuracy: White = 100%, Black = 46%.} 1-0

[Event "18th Aeroflot Open-A 2020"]
[Site "Moscow"]
[Date "2020.02.21"]
[Round "3.38"]
[White "Gadimbayli, Abdulla"]
[Black "Ivic, Velimir"]
[Result "0-1"]
[WhiteElo "2460"]
[BlackElo "2558"]
[Annotator "TA"]
[PlyCount "90"]
[EventDate "2020.02.19"]
[EventType "swiss"]
[EventCountry "RUS"]
[SourceTitle "playchess.com"]
[Source "ChessBase"]
[SourceQuality "1"]

{[%evp 16,90,21,25,21,21,24,29,35,10,16,21,19,17,20,-9,0,0,0,0,0,0,3,0,12,0,0,-35,-35,-104,-126,-205,-201,-208,-216,-197,-211,-219,-203,-200,-193,-220,-233,-218,-167,-182,-87,-99,-83,-78,-75,-137,-127,-139,-116,-107,-117,-110,-107,-116,-114,-110,-112,-123,-120,-382,-393,-754,-357,-692,-416,-1595,-1385,-29983,-29984,-29983,-29982]} 1. e4 c5 2. Nf3 Nc6 3. Bb5 g6 4. Bxc6 dxc6 5. d3 Bg7 6. h3 Nf6 7. Nc3 Nd7 8. Be3 e5 9. Qd2 h6 {B31: Sicilian: 2...Nc6 3 Bb5 g6.} 10. O-O b6 $1 {[%mdl 4] is more profitable than 10...Qe7 at the moment.} 11. a4 a5 {White has an edge.} 12. Nh2 Nf6 $5 {[%mdl 4] [#] Exploring less charted territory.} 13. f4 $146 ({Predecessor:} 13. Rae1 Be6 14. Ne2 g5 15. Qc3 Rg8 16. Ng3 Qc7 17. f3 O-O-O 18. Ng4 Nd7 19. Bf2 {½-½ (45) Idani,P (2604)-Ismagambetov,A (2545) Astana 2019}) 13... exf4 14. Rxf4 Be6 15. Raf1 {aiming for Qf2.} Qe7 16. Ne2 O-O-O 17. Qc1 Nd7 18. R4f2 Ne5 19. Nf4 Bd7 20. Nf3 Rhf8 21. Nxe5 Bxe5 22. c3 ({Better is} 22. b3 $15) 22... Bc7 $17 23. Qc2 {[#]} (23. Ne2 $17 {keeps fighting.} g5 24. Rf3) 23... g5 $1 $19 24. Ne2 {[#]} f5 $1 {[%mdl 512]} 25. d4 (25. exf5 Qxe3) 25... f4 ({Worse is} 25... fxe4 26. Rxf8 Rxf8 27. Rxf8+ Qxf8 28. dxc5 $11) 26. Bd2 Rde8 27. e5 Bf5 28. Qd1 Rd8 29. Re1 Qh7 30. Qc1 Be4 (30... Qd7 $19 31. Qa1 Qd5) 31. b4 $17 c4 32. bxa5 bxa5 33. Qa3 (33. Bxf4 $142 gxf4 34. Nxf4) 33... Bd5 34. Ref1 {[%cal Rd2f4] [#]} f3 $1 {[%mdl 576] Decoy} 35. gxf3 Qd3 36. Ng3 Rxf3 37. Rxf3 Bxf3 38. Rf2 Bd5 39. Kh2 Re8 $40 {[%mdl 128] Black is out for blood.} 40. Qc5 $2 {[%mdl 8192] White does not recover from this.} (40. Qa1 $17 {was necessary.}) 40... h5 $19 41. Bxg5 $2 (41. Nxh5 g4 42. hxg4) 41... Qxc3 (41... h4 $142 42. Bxh4 {[#]} Qe3 $1 {[%mdl 512]}) 42. Bd2 $2 (42. Qa7 Qe1 43. Re2) 42... Qb2 43. Be1 (43. Qa7 $142 c3 44. Be3) 43... Qb1 {Threatens to win with ...h4.} 44. Rf8 Qxe1 45. Rxe8+ Kb7 {Accuracy: White = 46%, Black = 83%.} 0-1